Advanced topics in quantum field theory : (Record no. 171683)

MARC details
000 -LEADER
fixed length control field 00895cam a22002538i 4500
001 - CONTROL NUMBER
control field 22155540
003 - CONTROL NUMBER IDENTIFIER
control field OSt
005 - DATE AND TIME OF LATEST TRANSACTION
control field 20250425141059.0
008 - FIXED-LENGTH DATA ELEMENTS--GENERAL INFORMATION
fixed length control field 210621s2022 enk ob 001 0 eng
020 ## - INTERNATIONAL STANDARD BOOK NUMBER
Canceled/invalid ISBN 9781108840422 (hardcover)
040 ## - CATALOGING SOURCE
Original cataloging agency DLC
Language of cataloging eng
Transcribing agency DLC
Description conventions rda
Modifying agency NUST
050 00 - LIBRARY OF CONGRESS CALL NUMBER
Classification number QC174.46 SHI
100 1# - MAIN ENTRY--PERSONAL NAME
Personal name Shifman, Mikhail A
Relator term Author
245 10 - TITLE STATEMENT
Title Advanced topics in quantum field theory :
Remainder of title a lecture course /
Statement of responsibility, etc. Mikhail Shifman.
250 ## - EDITION STATEMENT
Edition statement Second edition.
260 ## - PUBLICATION, DISTRIBUTION, ETC.
Place of publication, distribution, etc. Cambridge :
Name of publisher, distributor, etc. Cambridge University Press,
Date of publication, distribution, etc. 2022.
300 ## - PHYSICAL DESCRIPTION
Extent xviii, 717 pages :
Other physical details Illustrations ;
Dimensions 26 cm.
336 ## - CONTENT TYPE
Content type term text
Content type code txt
Source rdacontent
337 ## - MEDIA TYPE
Media type term computer
Media type code c
Source rdamedia
338 ## - CARRIER TYPE
Carrier type term online resource
Carrier type code cr
Source rdacarrier
504 ## - BIBLIOGRAPHY, ETC. NOTE
Bibliography, etc. note Includes bibliographical references and index.
650 #0 - SUBJECT ADDED ENTRY--TOPICAL TERM
Form subdivision Quantum field theory.
942 ## - ADDED ENTRY ELEMENTS (KOHA)
Source of classification or shelving scheme Library of Congress Classification
Koha item type Ordinary Loan Books
Edition Second edition.
Classification part QC174.46 SHI
Call number prefix QC
Call number suffix SHI
Suppress in OPAC No
Holdings
Withdrawn status Lost status Source of classification or shelving scheme Damaged status Not for loan Collection Home library Current library Shelving location Date acquired Source of acquisition Cost, normal purchase price Total Checkouts Full call number Barcode Date last seen Accession number Cost, replacement price Price effective from Koha item type Public note
    LCC     NFIC MAIN MAIN GEN 04/25/2025 Book Aid International 73.00   QC174.46 SHI 92004055707 04/25/2025 61712 73.00 04/25/2025 BOOKS Donation